00475 2200181 4500001002100000005001500021008004100036020002200077035001900099041000700118082001000125090001600135100002300151245002800174260004100202300001900243650003100262INLIS00000000001811420241224115436241224||||||||| | ||| |||| || |  a978-979-20-9489-x 0010-1224018114 aid0 a741.3 a741.3 KAW t0 aMASATOSHI KAWAHARA00aTole Of The SEA KING 18 aJakartabElex Media Komputindoc2008 a192hlm;11x17cm 0aMenggambar & Seni dekorasi